000 01065nam a2200253 i 4500
001 155782
003 ES-MaACL
005 20250804062750.0
008 040730s1764 xxk |||| | fre d
040 _aCAM
_bspa
_cCAM
100 1 _aHume, David,
_d1711-1776
_964719
245 1 0 _aOeuvres philosophiques de M.D. Hume traduits de l'anglois
_b: tome troisieme contenant l'Histoire naturelle de la Religion; [tome quatrieme contenant Les Dissertations sur les Passions, sur la Tragédie & sur la Regle du goût].
250 _aNouvelle edition.
260 _aA Londres :
_bchez David Wilson,
_c1764.
300 _aVIII, 180, [4], [181]-226, [2] en bl. p. ;
_c8º.
505 8 _aEl t.IV con port. propia comprende las pp. [4],[181]-226
597 _aSign.: *4, A-L8, M2, []2, M6, N-O8, P2.
597 _aPort. a dos tintas con viñeta xil.
597 _aAntep.
650 7 _aFilosofía
_2embne
_912802
700 1 _aWilson, David.
_9133939
852 _aES-MaACL
_jR-996-98
_z-- Enc. pasta
_x Olim: G-9266-68
999 _c155782
_d155782